[Event "SC Lünen Horstmar 1 - SG Mengede 1"]
[Site "Verbandsklasse, Gruppe 3 2017"]
[Date "2017.09.17"]
[Round "1.8"]
[White "Steinzen, Johannes"]
[Black "Wiktor, Reinhard"]
[Result "1/2-1/2"]
[WhiteElo "1760"]
[BlackElo "1702"]
[PlyCount "171"]
[EventDate "2017.??.??"]

1. Nf3 d5 2. g3 g6 3. Bg2 Bg7 4. d3 c5 5. O-O Nc6 6. Nc3 Nf6 7. Bd2 O-O 8. a3
b6 9. Rb1 a5 10. h3 Bb7 11. Re1 e5 12. e4 d4 13. Na4 Nd7 14. c4 Qc7 15. h4 Nd8
16. h5 Bc6 17. b3 Qd6 18. Qe2 Rb8 19. Bh3 Rb7 20. Nh4 Nf6 21. h6 Bh8 22. f4 Nh5
23. Qf3 Qf6 24. f5 Bd7 25. Ng2 Qd6 26. Rf1 Bf6 27. Bg4 Kh8 28. Bxh5 gxh5 29.
Qxh5 Rg8 30. Kf2 Qe7 31. Ne1 Bg5 32. Bxg5 Rxg5 33. Qh4 f6 34. Nf3 Rg8 35. g4
Nf7 36. Nb2 Ng5 37. Nxg5 Rxg5 38. a4 Rb8 39. Rg1 Rbg8 40. Rg3 Be8 41. Rbg1 Qf8
42. Qh3 Qe7 43. Qg2 Qf8 44. Rh1 Bf7 45. Nd1 Be8 46. Ke2 Qd6 47. Nf2 Qf8 48. Rh4
Bf7 49. Nh3 Qd8 50. Ng1 Qe7 51. Nf3 Qd8 52. Qh2 Qb8 53. Rg1 Qe8 54. Qg3 Qb8 55.
Rc1 Qd6 56. Rch1 Qb8 57. Kf2 Qe8 58. R1h3 Qe7 59. Qg1 Qe8 60. Kg3 Qe7 61. Rh2
Qf8 62. Qh1 Qe8 63. Qc1 Qe7 64. Qa1 Qd8 65. Rc2 Qe7 66. Nxg5 Rxg5 67. Rh1 Qf8
68. Kf3 Qg8 69. Rh4 Qf8 70. Rc1 Qd8 71. Qb2 Rg8 72. Rg1 Rg5 73. Ra1 Qe7 74.
Rhh1 Qf8 75. Qc2 Qg8 76. Rh4 Qf8 77. Qc1 Qe7 78. Rh2 Rg8 79. g5 Rxg5 80. Qh1
Qe8 81. Rg1 Rh5 82. Kf2 Rg5 83. Rxg5 fxg5 84. Qg1 Qe7 85. Rg2 Qf6 86. Qh2
1/2-1/2

[Event "Dortmunder SV 1 - SV Welper 1"]
[Site "Regionalliga 2017/2018"]
[Date "2017.10.22"]
[Round "2.2"]
[White "Wichtrup, Jan-Louis"]
[Black "Fuellgrabe, Thomas"]
[Result "1/2-1/2"]
[WhiteElo "1972"]
[BlackElo "2223"]
[PlyCount "66"]
[EventDate "2017.??.??"]

1. Nf3 d5 2. d4 Nf6 3. c4 e6 4. cxd5 exd5 5. Nc3 c6 6. Bg5 Be7 7. Qc2 Nbd7 8.
e3 h6 9. Bh4 Nh5 10. Bxe7 Qxe7 11. Be2 Nhf6 12. O-O Nb6 13. Ne5 Nfd7 14. Nxd7
Bxd7 15. e4 dxe4 16. Qxe4 Qxe4 17. Nxe4 O-O 18. Nc5 Rab8 19. Bf3 Rfd8 20. Rfe1
Be6 21. Nxe6 fxe6 22. Rad1 Rd6 23. Bg4 Kf7 24. Re3 Nd5 25. Rf3+ Ke7 26. Ra3 a6
27. g3 Rbd8 28. Rb3 R8d7 29. Re1 b5 30. f4 Kf6 31. a3 Ne7 32. Rbe3 Nf5 33. Bxf5
exf5 1/2-1/2

[Event "Dortmunder SV 1 - SV Welper 1"]
[Site "Regionalliga 2017/2018"]
[Date "2017.10.22"]
[Round "2.3"]
[White "Kemna, Guido"]
[Black "Wittmann, Rainer"]
[Result "1/2-1/2"]
[WhiteElo "2153"]
[BlackElo "1981"]
[PlyCount "53"]
[EventDate "2017.??.??"]

1. e4 c5 2. Nf3 e6 3. Nc3 a6 4. g3 b5 5. Bg2 Bb7 6. d3 Nc6 7. O-O d6 8. h3 Be7
9. Nh2 Nf6 10. f4 Qb6 11. f5 Ne5 12. Nf3 Nxf3+ 13. Qxf3 exf5 14. Qxf5 O-O 15.
Be3 b4 16. Nd5 Nxd5 17. exd5 g6 18. Qf2 f5 19. c4 Bf6 20. Kh1 Rae8 21. Rae1 Bc8
22. Bh6 Bg7 23. Bxg7 Kxg7 24. Re2 Rxe2 25. Qxe2 Qd8 26. Re1 Bd7 27. Qd2 1/2-1/2

[Event "Dortmunder SV 1 - SV Welper 1"]
[Site "Regionalliga 2017/2018"]
[Date "2017.10.22"]
[Round "2.4"]
[White "Huettemann, Karl-Heinz"]
[Black "Bastians, Felix"]
[Result "1/2-1/2"]
[WhiteElo "2035"]
[BlackElo "2099"]
[Annotator "Daniel"]
[PlyCount "92"]
[EventDate "2017.??.??"]

1. c4 Nf6 2. Nc3 e6 3. e4 d6 4. g3 Be7 5. Bg2 O-O 6. Nge2 c5 7. O-O Nc6 8. d3
Bd7 9. h3 a6 10. Be3 Rb8 11. a4 Qc7 12. Rb1 Nb4 13. b3 Rfd8 14. d4 b5 15. axb5
axb5 16. d5 exd5 17. cxd5 Re8 18. g4 Bc8 19. Ng3 Nd7 20. g5 Bf8 21. f4 c4 22.
bxc4 Qxc4 23. Qb3 Nd3 24. Nxb5 Qxb3 25. Rxb3 N3c5 26. Rb2 Ba6 27. Rfb1 Nd3 28.
Rb3 N7c5 29. Nc7 Rxb3 30. Rxb3 Rc8 31. Nxa6 Nxb3 32. Bf1 Nbc5 33. Nxc5 Nxc5 34.
Kf2 Nb3 35. Be2 $11 Rc3 36. Bg4 Rc2+ 37. Ke1 Nc5 38. Be2 Nb7 39. Bg4 Ra2 40. e5
Ra5 41. Bf3 Nc5 42. Bxc5 Rxc5 43. Ne4 Rxd5 44. Nf6+ gxf6 45. Bxd5 dxe5 46. gxf6
exf4 1/2-1/2

[Event "Dortmunder SV 1 - SV Welper 1"]
[Site "Regionalliga 2017/2018"]
[Date "2017.10.22"]
[Round "2.5"]
[White "Linde, Wolfgang"]
[Black "Wolff, Torsten"]
[Result "1-0"]
[WhiteElo "2078"]
[BlackElo "1892"]
[Annotator "Daniel"]
[PlyCount "63"]
[EventDate "2017.??.??"]

1. e4 c5 2. c3 Nf6 3. e5 Nd5 4. d4 cxd4 5. cxd4 d6 6. Nf3 e6 7. Bc4 Nb6 8. Bd3
Nc6 9. O-O Nb4 10. Bg5 Be7 11. Bxe7 Qxe7 12. Nc3 Nxd3 13. Qxd3 Bd7 14. Ne4 Nc8
15. Rac1 Bc6 16. Rc3 f6 17. Re1 O-O 18. exd6 Nxd6 19. Nc5 e5 20. dxe5 Nb5 21.
Rcc1 Rfd8 22. Qb3+ Kh8 23. exf6 Qxf6 24. Ne5 Rf8 25. f3 a6 26. Kh1 Rad8 27.
Nxc6 bxc6 28. Ne4 Qh6 29. Qc4 Nd4 30. Rcd1 Nf5 31. Qf7 Rde8 32. Qd7 {ZAo} 1-0

[Event "Dortmunder SV 1 - SV Welper 1"]
[Site "Regionalliga 2017/2018"]
[Date "2017.10.22"]
[Round "2.6"]
[White "Kantor, Daniel"]
[Black "Schaller, Fabian"]
[Result "1/2-1/2"]
[WhiteElo "1857"]
[BlackElo "1984"]
[Annotator "Daniel"]
[PlyCount "82"]
[EventDate "2017.??.??"]

1. e4 e5 2. Nf3 Nc6 3. Bb5 a6 4. Bxc6 dxc6 5. d4 exd4 6. Qxd4 Qxd4 7. Nxd4 c5
8. Nf3 Bd7 9. Nc3 O-O-O 10. O-O h6 11. Ne5 Be6 12. f4 Bd6 13. Nf3 f5 14. e5 Bf8
15. Be3 b6 16. Rfd1 Rxd1+ 17. Rxd1 Ne7 18. Kf2 Nc6 19. a3 Be7 20. g3 Rd8 21.
Rxd8+ Bxd8 22. h3 Kd7 23. Ke2 Be7 24. Na4 Na5 25. b3 Kc6 26. Nb2 Bd5 27. Bd2
Nb7 28. Bc3 Nd8 29. a4 Ne6 30. Nd1 g5 31. Ne3 Be4 32. fxg5 hxg5 33. Nd2 Nd4+
34. Bxd4 cxd4 35. Nxe4 dxe3 36. Nf6 Bc5 37. Nh7 Kd5 38. Nxg5 Kxe5 $11 39. Kd3
Kf6 40. Nf3 Bd6 41. Kxe3 Bxg3 1/2-1/2

[Event "Dortmunder SV 1 - SV Welper 1"]
[Site "Regionalliga 2017/2018"]
[Date "2017.10.22"]
[Round "2.7"]
[White "Schaller, Torsten"]
[Black "Bryjak, Hans Guenther"]
[Result "1/2-1/2"]
[WhiteElo "1970"]
[BlackElo "1943"]
[PlyCount "36"]
[EventDate "2017.??.??"]

1. e4 e5 2. Nf3 d6 3. d4 exd4 4. Nxd4 Nf6 5. Nc3 Be7 6. g3 Bd7 7. Bg2 Nc6 8.
O-O Nxd4 9. Qxd4 O-O 10. h3 Bc6 11. Be3 Re8 12. Rfe1 Nd7 13. Nd5 Bf6 14. Nxf6+
Qxf6 15. Rad1 Qg6 16. Bf4 Nc5 17. f3 Ne6 18. Qd2 Nxf4 1/2-1/2

[Event "Dortmunder SV 1 - SV Welper 1"]
[Site "Regionalliga 2017/2018"]
[Date "2017.10.22"]
[Round "2.8"]
[White "Koehler, Eckart"]
[Black "Wallhof, Dieter"]
[Result "1-0"]
[WhiteElo "1853"]
[BlackElo "1858"]
[PlyCount "109"]
[EventDate "2017.??.??"]

1. d4 Nf6 2. Bf4 e6 3. e3 c5 4. c3 Nc6 5. Nd2 d5 6. Ngf3 Qb6 7. Qb3 c4 8. Qc2
Nh5 9. Bg3 f5 10. b3 cxb3 11. axb3 Bd7 12. Bd3 Rc8 13. Qb1 a6 14. Be2 Nf6 15.
O-O Be7 16. c4 g6 17. c5 Qd8 18. b4 Na7 19. Rc1 Nh5 20. Be5 O-O 21. Ne1 Nf6 22.
Nc2 Bb5 23. Bxb5 Nxb5 24. Na3 Qe8 25. Qd3 Bd8 26. Nxb5 axb5 27. Ra7 Qc6 28. Nf3
Nd7 29. Rca1 g5 30. Bd6 Re8 31. Ra8 Rxa8 32. Rxa8 Kf7 33. Qe2 g4 34. Ne5+ Nxe5
35. Bxe5 Bc7 36. Rxe8 Kxe8 37. Bxc7 Qxc7 38. Qxb5+ Kf7 39. Qa4 h5 40. g3 h4 41.
gxh4 Qe7 42. Qa8 Kg7 43. Qb8 Qd7 44. Kg2 Qb5 45. Qe5+ Kf7 46. Qc7+ Kf6 47. Qe5+
Kf7 48. Kg3 Qe2 49. h5 Qf3+ 50. Kh4 Qxf2+ 51. Kg5 Qf3 52. Qf6+ Ke8 53. Qxe6+
Kd8 54. h6 g3 55. Qd6+ 1-0

[Event "SV Königsspringer Hamm 1 - SV Wattensch"]
[Site "Regionalliga 2017/2018"]
[Date "2017.10.22"]
[Round "2.1"]
[White "Schlehoefer, Ralf"]
[Black "Happel, Heiner"]
[Result "0-1"]
[WhiteElo "2216"]
[BlackElo "2171"]
[PlyCount "68"]
[EventDate "2017.??.??"]

1. d4 d5 2. c4 c6 3. Nf3 Nf6 4. Nc3 a6 5. c5 Bf5 6. Qb3 Ra7 7. Bf4 Nbd7 8. h3
h6 9. e3 g5 10. Bh2 Bg7 11. Be2 O-O 12. O-O Ne4 13. Rfd1 Re8 14. Nxe4 Bxe4 15.
Ne5 Bxe5 16. Bxe5 Nxe5 17. dxe5 e6 18. Qc3 a5 19. Rd4 Bg6 20. f4 gxf4 21. Rxf4
b6 22. cxb6 Qxb6 23. Raf1 Rb8 24. b3 a4 25. b4 a3 26. Bd1 c5 27. bxc5 Qb2 28.
Qd4 Qxa2 29. c6 Rc7 30. Rh4 Rxc6 31. Qf4 Rc4 32. Qxh6 Rxh4 33. Qxh4 Qc4 34. Qg5
Qxf1+ 0-1

[Event "SV Königsspringer Hamm 1 - SV Wattensch"]
[Site "Regionalliga 2017/2018"]
[Date "2017.10.22"]
[Round "2.2"]
[White "Frombach, Ralf"]
[Black "Koehn, Peter"]
[Result "1/2-1/2"]
[WhiteElo "2147"]
[BlackElo "2163"]
[PlyCount "95"]
[EventDate "2017.??.??"]

1. d4 Nf6 2. c4 g6 3. Nc3 Bg7 4. e4 O-O 5. Nf3 d6 6. Be2 e5 7. O-O Nc6 8. Be3
Ng4 9. Bg5 f6 10. Bc1 Nh6 11. dxe5 dxe5 12. Qxd8 Nxd8 13. Nd5 Rf7 14. Rd1 Ne6
15. b3 Bf8 16. h3 c6 17. Nc3 Rc7 18. Be3 Nf7 19. Na4 b6 20. a3 Kg7 21. b4 c5
22. b5 Nd4 23. Kf1 Nd6 24. Nd2 Be6 25. Bd3 Rb7 26. Nc3 a6 27. a4 axb5 28. axb5
Rba7 29. Rxa7+ Rxa7 30. Bxd4 cxd4 31. Nd5 Nc8 32. Rb1 Ra3 33. Be2 h5 34. Nb3
Bd6 35. Nc1 Kf7 36. Nd3 f5 37. f3 fxe4 38. fxe4 Bxd5 39. cxd5 Ne7 40. Nb2 Rb3
41. Bd3 Nc8 42. Ke2 Ke7 43. Nc4 Rxb1 44. Bxb1 Kf6 45. h4 Bc5 46. Kf3 Nd6 47.
Nxd6 Bxd6 48. g4 1/2-1/2

[Event "SV Königsspringer Hamm 1 - SV Wattensch"]
[Site "Regionalliga 2017/2018"]
[Date "2017.10.22"]
[Round "2.3"]
[White "Lang, Daniel"]
[Black "Dargel, Manuel"]
[Result "1-0"]
[WhiteElo "2058"]
[BlackElo "2150"]
[Annotator "Daniel"]
[PlyCount "71"]
[EventDate "2017.??.??"]

1. d4 e6 2. c4 b6 3. Nf3 Bb7 4. g3 f5 5. Bg2 Bb4+ 6. Bd2 Bxd2+ 7. Qxd2 Nf6 8.
Nc3 Qe7 9. O-O d6 10. d5 e5 11. e4 fxe4 12. Ng5 O-O 13. Ne6 Rc8 14. Rfe1 Nbd7
15. Nxe4 Nxe4 16. Rxe4 Nf6 17. Ree1 c6 18. Nf4 Qd8 19. dxc6 Bxc6 20. Nd5 Kh8
21. Rad1 Nxd5 22. Bxd5 Qf8 $11 23. Re3 Bxd5 24. Qxd5 Rd8 25. Rf3 Qe8 26. Qb7
Rab8 27. Qxa7 Kg8 28. Qc7 Qh5 29. Qc6 Rbc8 30. Rxd6 Re8 31. Qd5+ Kh8 32. Rd7 h6
33. Rff7 Rg8 34. Rxg7 Rxg7 35. Rxg7 Rf8 36. Re7 1-0

[Event "SV Königsspringer Hamm 1 - SV Wattensch"]
[Site "Regionalliga 2017/2018"]
[Date "2017.10.22"]
[Round "2.4"]
[White "Kauder, Hartmut"]
[Black "Gohla, Ulf"]
[Result "0-1"]
[WhiteElo "2127"]
[BlackElo "2120"]
[PlyCount "136"]
[EventDate "2017.??.??"]

1. c4 e5 2. Nc3 Nf6 3. Nf3 Nc6 4. d4 exd4 5. Nxd4 Bc5 6. Nb3 Be7 7. g3 O-O 8.
Bg2 Ne5 9. c5 d6 10. cxd6 Bxd6 11. O-O c6 12. e4 Bb4 13. Bg5 Bg4 14. f3 Be6 15.
f4 Qb6+ 16. Kh1 Neg4 17. Bxf6 Nxf6 18. f5 Bc4 19. Rf4 Rfd8 20. Qc1 Bd6 21. e5
Bxb3 22. exd6 Bd5 23. g4 Bxg2+ 24. Kxg2 Rxd6 25. g5 Nd5 26. Rf3 Nxc3 27. Qxc3
Rad8 28. Raf1 Qb5 29. Re1 Rd5 30. Qe3 Qxb2+ 31. Kg3 Qb4 32. f6 Qd6+ 33. Kh3 h6
34. Qe7 Rxg5 35. Qxd6 Rxd6 36. Re8+ Kh7 37. Re7 gxf6 38. Rxb7 a5 39. Rxf7+ Kg6
40. Rc7 Rgd5 41. Rg3+ Kh5 42. Rcg7 Rg5 43. Ra7 Rxg3+ 44. hxg3 Rd5 45. Rg7 Rd3
46. Ra7 Ra3 47. Rg7 f5 48. Rf7 Kg6 49. Rc7 Rc3 50. Kh4 a4 51. Rd7 Rc4+ 52. Kh3
c5 53. Rd6+ Kg5 54. Rd8 Rc2 55. a3 Rc3 56. Rd5 h5 57. Rd8 h4 58. Rg8+ Kf6 59.
Kxh4 Rxa3 60. Rf8+ Ke5 61. Re8+ Kd4 62. Rf8 Rf3 63. Ra8 a3 64. Ra4+ c4 65. Ra8
Rb3 66. Rd8+ Kc3 67. Kg5 a2 68. Ra8 Kb2 0-1

[Event "SV Königsspringer Hamm 1 - SV Wattensch"]
[Site "Regionalliga 2017/2018"]
[Date "2017.10.22"]
[Round "2.5"]
[White "Schlange, Stefan"]
[Black "Schmidt, Ingo"]
[Result "1/2-1/2"]
[WhiteElo "2076"]
[BlackElo "1969"]
[Annotator "Daniel"]
[PlyCount "114"]
[EventDate "2017.??.??"]

1. e4 e5 2. Nf3 Nc6 3. c3 d5 4. Qa4 f6 5. d3 Be6 6. Be3 Qd7 7. Be2 g5 8. exd5
Bxd5 9. O-O h5 10. d4 Bd6 11. dxe5 Nxe5 12. Qxd7+ Nxd7 $11 13. Nbd2 a6 14. Rad1
g4 15. Nd4 O-O-O 16. Nf5 Ne5 17. c4 Be6 18. Nxd6+ Rxd6 19. b3 Bf5 20. c5 Rd8
21. Nc4 Rxd1 22. Rxd1 Nxc4 23. Bxc4 Ne7 24. Bc1 Nc6 25. Bb2 Ne5 26. Be2 Rd8 27.
Rxd8+ Kxd8 28. f4 gxf3 29. gxf3 Ke7 30. Bc3 Nd3 31. b4 Nf4 32. Bd1 Bc2 33.
Bxf6+ Kxf6 34. Bxc2 h4 35. Kf2 Ke5 36. Be4 b6 37. cxb6 cxb6 38. Ke3 a5 39. a3
axb4 40. axb4 Ne6 41. Kd3 Ng5 42. Ke3 Ne6 43. Ba8 Nf4 44. Bb7 Ne6 45. Kd3 Kf4
46. Kc4 Ng5 47. Kb5 Nxf3 48. Kxb6 Nxh2 49. Bh1 Nf3 50. Kc5 Ne5 51. b5 h3 52.
Kd6 h2 53. Kc7 Nc4 54. Kc6 Ne5+ 55. Kd6 Kf5 56. Kd5 Nd7 57. Kd6 Ne5 1/2-1/2

[Event "SV Königsspringer Hamm 1 - SV Wattensch"]
[Site "Regionalliga 2017/2018"]
[Date "2017.10.22"]
[Round "2.6"]
[White "Klaus, Michael"]
[Black "Schwebel, Markus"]
[Result "1/2-1/2"]
[WhiteElo "1835"]
[BlackElo "2036"]
[PlyCount "83"]
[EventDate "2017.??.??"]

1. c4 Nf6 2. Nc3 d5 3. cxd5 Nxd5 4. Nf3 g6 5. e3 Bg7 6. d4 c5 7. Qb3 Nxc3 8.
bxc3 O-O 9. Ba3 cxd4 10. cxd4 Nc6 11. Rc1 Be6 12. Qb2 Qa5+ 13. Nd2 Rac8 14. Be2
b5 15. Rc5 a6 16. O-O Rfd8 17. Nb3 Qa4 18. Bf3 Nb4 19. Bxb4 Qxb4 20. Rxc8 Rxc8
21. Bb7 Rc7 22. Be4 Bc4 23. Rd1 e5 24. dxe5 Bxb3 25. Bf3 Rc3 26. axb3 Bxe5 27.
Qa2 a5 28. Bd5 Rd3 29. Qe2 Rxd1+ 30. Qxd1 a4 31. bxa4 bxa4 32. g3 Kg7 33. Qc2
a3 34. Kg2 Bf6 35. Qc7 Qf8 36. Qa7 Be7 37. h4 Bc5 38. Qc7 Bd6 39. Qc3+ f6 40.
Qb3 Be7 41. Qc4 Qd8 42. Qb3 1/2-1/2

[Event "SV Königsspringer Hamm 1 - SV Wattensch"]
[Site "Regionalliga 2017/2018"]
[Date "2017.10.22"]
[Round "2.7"]
[White "Schmedders, Hans-Gerd"]
[Black "Sporkert, Corina"]
[Result "1-0"]
[WhiteElo "2050"]
[BlackElo "1857"]
[PlyCount "91"]
[EventDate "2017.??.??"]

1. e4 e5 2. f4 d5 3. exd5 exf4 4. Nf3 Qxd5 5. Nc3 Qd8 6. d4 Bd6 7. Bc4 Nf6 8.
O-O O-O 9. Ne5 Bxe5 10. dxe5 Qxd1 11. Rxd1 Ng4 12. Bxf4 Nc6 13. Nb5 Bf5 14.
Nxc7 Rac8 15. e6 Rxc7 16. Bxc7 fxe6 17. Bb3 Nf6 18. h3 h5 19. c3 Rc8 20. Bf4
Na5 21. Rd6 Nc4 22. Bxc4 Rxc4 23. Be5 Ne8 24. Rd8 Bg6 25. Rf1 Re4 26. Bd6 Kh7
27. Rf8 Re2 28. Rdxe8 Bxe8 29. Rxe8 Kg6 30. Ba3 Kf5 31. Re7 g5 32. Kf1 Rd2 33.
Rxb7 e5 34. Rxa7 e4 35. Rf7+ Ke6 36. Re7+ Kf5 37. Rf7+ Ke6 38. Rf2 Rd3 39. Ke2
Rg3 40. Bc5 Kd5 41. Bd4 Kc4 42. b3+ Kb5 43. Be3 Ka6 44. a4 g4 45. h4 Kb7 46.
Rf7+ 1-0

[Event "SV Königsspringer Hamm 1 - SV Wattensch"]
[Site "Regionalliga 2017/2018"]
[Date "2017.10.22"]
[Round "2.8"]
[White "Preikschas, Norbert"]
[Black "Klueting, Reiner"]
[Result "1/2-1/2"]
[WhiteElo "1751"]
[BlackElo "1893"]
[PlyCount "36"]
[EventDate "2017.??.??"]

1. e4 Nf6 2. Nc3 d5 3. exd5 Nxd5 4. Nxd5 Qxd5 5. d4 Nc6 6. Nf3 Bg4 7. Be2 e6 8.
O-O Be7 9. c3 O-O 10. Bf4 Rac8 11. Ne5 Nxe5 12. Bxg4 Nxg4 13. Qxg4 Bf6 14. Rfe1
Qb5 15. Rab1 Qc4 16. a3 Rfd8 17. Qf3 Qd5 18. Qe2 c6 1/2-1/2

[Event "SV Horst-Emscher 1 - SV Ahlen 1"]
[Site "Regionalliga 2017/2018"]
[Date "2017.10.22"]
[Round "2.1"]
[White "Steinle, Carsten"]
[Black "Aulich, Marcell"]
[Result "1/2-1/2"]
[WhiteElo "2123"]
[BlackElo "2160"]
[PlyCount "110"]
[EventDate "2017.??.??"]

1. b3 b6 2. f4 Nf6 3. Nf3 g6 4. Bb2 Bg7 5. e4 O-O 6. d3 c5 7. Nc3 d5 8. e5 Nh5
9. g3 f6 10. d4 fxe5 11. dxe5 e6 12. Bh3 Nc6 13. O-O Bh6 14. Nb5 Ne7 15. Nd6
Bd7 16. Qd2 Rxf4 17. gxf4 Nxf4 18. Kh1 Bc6 19. Bxe6+ Nxe6 20. Qxh6 d4 21. Rae1
Qf8 22. Qxf8+ Rxf8 23. Ne4 Rf4 24. Nfd2 Rxf1+ 25. Rxf1 Ng5 26. Re1 Nf5 27. Kg1
Nh3+ 28. Kg2 Nf4+ 29. Kf3 g5 30. Kg4 Ne3+ 31. Kxg5 Nfg2 32. Re2 Kg7 33. Rxg2
h6+ 34. Kf4+ Nxg2+ 35. Kg3 Ne1 36. c3 Nd3 37. Ba1 dxc3 38. Bxc3 Kf7 39. Nd6+
Ke6 40. Nc8 Nc1 41. Nxa7 Bd7 42. a4 Ne2+ 43. Kf3 Nxc3 44. Nc4 Nd5 45. Kg4 Kf7+
46. Kh5 Kg7 47. Nb5 Be6 48. Nbd6 Bd7 49. Kh4 Kg6 50. Kg3 Be6 51. Kf3 Kg7 52.
Ke4 Nc3+ 53. Kd3 Nd5 54. Kd2 Kg6 55. Kc2 Kg5 1/2-1/2

[Event "SV Horst-Emscher 1 - SV Ahlen 1"]
[Site "Regionalliga 2017/2018"]
[Date "2017.10.22"]
[Round "2.2"]
[White "Baerwolf, Steven"]
[Black "Torres-Kuckel, Rafael"]
[Result "0-1"]
[WhiteElo "2175"]
[BlackElo "2097"]
[PlyCount "82"]
[EventDate "2017.??.??"]

1. Nf3 Nf6 2. g3 g6 3. Bg2 Bg7 4. O-O O-O 5. d3 d5 6. Nbd2 c5 7. e4 Nc6 8. exd5
Nxd5 9. Re1 b6 10. Nc4 Bb7 11. c3 Rc8 12. Ne3 Nxe3 13. fxe3 e5 14. d4 e4 15.
Nd2 f5 16. Nf1 h5 17. b3 Ne7 18. Bb2 Nd5 19. Rc1 Qe7 20. Qe2 Rfd8 21. a3 Rd7
22. c4 Nf6 23. h3 Rcd8 24. d5 Ba6 25. Qf2 b5 26. Qc2 bxc4 27. bxc4 Rb8 28. Bc3
Rd6 29. Rb1 Rdb6 30. Nd2 Qd6 31. Rxb6 Rxb6 32. Nf1 Bxc4 33. Bxf6 Bd3 34. Qa4
Bxf6 35. Qxa7 Ra6 36. Qb7 Rxa3 37. g4 Ra2 38. Qc8+ Kg7 39. Qb7+ Kh6 40. Qc6 Qe5
41. Qe6 Qb2 0-1

[Event "SV Horst-Emscher 1 - SV Ahlen 1"]
[Site "Regionalliga 2017/2018"]
[Date "2017.10.22"]
[Round "2.3"]
[White "Woestmann, Ulrich"]
[Black "Kroeger, Fabian"]
[Result "0-1"]
[WhiteElo "1995"]
[BlackElo "2212"]
[PlyCount "88"]
[EventDate "2017.??.??"]

1. e4 c5 2. c3 d6 3. d4 Nf6 4. Bd3 Nc6 5. Nf3 g6 6. h3 Bg7 7. Be3 b6 8. d5 Nb8
9. a4 a6 10. O-O O-O 11. Nbd2 e6 12. c4 Nbd7 13. Nh2 Re8 14. Re1 Rb8 15. Ng4
Nxg4 16. hxg4 Bxb2 17. Rb1 Bg7 18. f4 exd5 19. cxd5 Nf6 20. f5 Nd7 21. Nf3 Ne5
22. Nxe5 Bxe5 23. g5 Bd7 24. Kf2 b5 25. Qg4 f6 26. Rh1 Qe7 27. Rh3 Rf8 28. Rbh1
Rf7 29. Rh6 fxg5 30. Bxg5 Bf6 31. Be3 c4 32. Be2 Rg7 33. Qf3 Rf8 34. g4 c3 35.
Qh3 Qxe4 36. Rxh7 gxf5 37. Rh8+ Kf7 38. Rxf8+ Kxf8 39. Bh6 Bd4+ 40. Kf1 c2 41.
Bd3 Qxd5 42. Bxc2 fxg4 43. Bxg7+ Bxg7 44. Qh2 g3 0-1

[Event "SV Horst-Emscher 1 - SV Ahlen 1"]
[Site "Regionalliga 2017/2018"]
[Date "2017.10.22"]
[Round "2.4"]
[White "Ahling, Michael"]
[Black "Volesky, Alexander"]
[Result "1-0"]
[WhiteElo "2106"]
[BlackElo "1967"]
[PlyCount "103"]
[EventDate "2017.??.??"]

1. d4 Nf6 2. Nf3 e6 3. Bf4 b6 4. e3 Bb7 5. Be2 Be7 6. h3 O-O 7. O-O Ne4 8. Nbd2
f5 9. Nxe4 Bxe4 10. c4 d6 11. b4 a5 12. a3 Nd7 13. Qb3 Kh8 14. Rfd1 Ra7 15. c5
Bxf3 16. Bxf3 d5 17. cxb6 Nxb6 18. bxa5 Rxa5 19. Qc3 Nc4 20. Be2 Ra4 21. Qb3
Qa8 22. Bxc7 Rc8 23. Bg3 Kg8 24. Qb5 Kf7 25. Rdc1 Rxa3 26. Rab1 Ra5 27. Qb7
Qxb7 28. Rxb7 Kf8 29. Be5 g6 30. g4 Ra6 31. g5 Rb6 32. Rxc4 dxc4 33. Rxb6 c3
34. Bd3 c2 35. Bxc2 Rxc2 36. h4 Kf7 37. Rb7 Rc8 38. Bf6 Re8 39. Kf1 h6 40. Ke2
hxg5 41. hxg5 Kf8 42. Bxe7+ Rxe7 43. Rxe7 Kxe7 44. Kd3 Kd6 45. Kc4 Kc6 46. f3
Kd6 47. e4 Kc6 48. exf5 exf5 49. f4 Kd6 50. d5 Kd7 51. Kc5 Kc7 52. d6+ 1-0

[Event "SV Horst-Emscher 1 - SV Ahlen 1"]
[Site "Regionalliga 2017/2018"]
[Date "2017.10.22"]
[Round "2.5"]
[White "Busche, Klaus"]
[Black "Buschmann, Andreas"]
[Result "0-1"]
[WhiteElo "1930"]
[BlackElo "2010"]
[PlyCount "104"]
[EventDate "2017.??.??"]

1. d4 Nf6 2. Nc3 g6 3. e4 d6 4. Nf3 Bg7 5. h3 O-O 6. Be3 c6 7. a4 Qc7 8. Be2 e5
9. dxe5 dxe5 10. a5 Rd8 11. Qb1 Nbd7 12. Nd2 Nf8 13. O-O Ne6 14. Bc4 Bf8 15.
Bxe6 Bxe6 16. Bg5 Be7 17. Nf3 Nh5 18. Bxe7 Qxe7 19. Qc1 Qc5 20. Rd1 f6 21. Rd2
Kf7 22. Rxd8 Rxd8 23. Qe3 Qxe3 24. fxe3 Ng7 25. Ra4 Ke7 26. Ra1 g5 27. Rd1
Rxd1+ 28. Nxd1 Kd6 29. b4 c5 30. b5 c4 31. c3 Kc5 32. b6 a6 33. Nb2 Kb5 34. Nd2
Ne8 35. Kf2 Nd6 36. Ke1 Kxa5 37. Kd1 Kxb6 38. Kc2 Kc5 39. Na4+ Kc6 40. Nb2 b5
41. Nd1 a5 42. Nf2 Kc5 43. g4 b4 44. Nh1 bxc3 45. Kxc3 Nb5+ 46. Kc2 c3 47. Nb1
Kb4 48. Ng3 Bb3+ 49. Kc1 c2 50. Nd2 Nc3 51. Kb2 a4 52. Nxb3 axb3 0-1

[Event "SV Horst-Emscher 1 - SV Ahlen 1"]
[Site "Regionalliga 2017/2018"]
[Date "2017.10.22"]
[Round "2.6"]
[White "Becker, Marco"]
[Black "Starp, Klaus"]
[Result "1-0"]
[WhiteElo "2018"]
[BlackElo "1928"]
[PlyCount "61"]
[EventDate "2017.??.??"]

1. e4 c5 2. Nf3 d6 3. c3 Nf6 4. Bc4 e6 5. d3 Be7 6. O-O O-O 7. Re1 Nc6 8. a3 a6
9. Nbd2 b5 10. Ba2 e5 11. Nf1 Be6 12. Ng3 Bxa2 13. Rxa2 d5 14. exd5 Qxd5 15. b3
Rad8 16. Rd2 g6 17. c4 Qd6 18. Bb2 Nd7 19. Qe2 f6 20. h4 Rfe8 21. h5 Bf8 22.
hxg6 hxg6 23. Ne4 Qe7 24. Nh4 Qh7 25. Qg4 Bh6 26. Rdd1 Kg7 27. Nd6 Rh8 28. Nb7
f5 29. Nxf5+ Kf6 30. Ng3 Bf4 31. Qxf4+ 1-0

[Event "SV Horst-Emscher 1 - SV Ahlen 1"]
[Site "Regionalliga 2017/2018"]
[Date "2017.10.22"]
[Round "2.7"]
[White "Dreesbach, Harald"]
[Black "Arndt, Olaf"]
[Result "1/2-1/2"]
[WhiteElo "1769"]
[BlackElo "1963"]
[Annotator "Daniel"]
[PlyCount "63"]
[EventDate "2017.??.??"]

1. d4 f5 2. g4 fxg4 3. h3 g3 4. fxg3 d5 5. Qd3 Nf6 6. Bg2 g6 7. Nc3 Bg7 8. Bg5
Bf5 9. Qb5+ Nc6 10. O-O-O Qd6 11. Bf4 Qb4 12. a3 Qxb5 13. Nxb5 $11 O-O-O 14.
Bxc7 Rd7 15. Bf4 Ne4 16. Bxe4 Bxe4 17. Nf3 a6 18. Nc3 Bxf3 19. exf3 Bxd4 20.
Rxd4 Nxd4 21. Be5 Rf8 22. Bxd4 Rxf3 23. Be5 Rf5 24. Re1 b5 25. h4 d4 26. Nd1
Rd5 27. Bg7 Kd7 28. Re4 e5 29. c3 Rc5 30. Kd2 dxc3+ 31. Nxc3 Ke6 32. Ke2
1/2-1/2

[Event "SV Horst-Emscher 1 - SV Ahlen 1"]
[Site "Regionalliga 2017/2018"]
[Date "2017.10.22"]
[Round "2.8"]
[White "Jacubowski, Andreas"]
[Black "Wagner, Ralf"]
[Result "1/2-1/2"]
[WhiteElo "1877"]
[BlackElo "1827"]
[PlyCount "90"]
[EventDate "2017.??.??"]

1. e4 e6 2. Qe2 b6 3. g3 Ba6 4. d3 Bb7 5. Bg2 d6 6. f4 Be7 7. Nf3 c5 8. O-O Nc6
9. c3 Nf6 10. Na3 a6 11. Nc2 Qc7 12. Ne3 Nd7 13. Bd2 a5 14. a4 Ba6 15. Be1 Rb8
16. Bf2 Nf6 17. Qc2 O-O 18. Rfd1 Rbc8 19. Rd2 Rfd8 20. Re1 Bb7 21. f5 e5 22.
Qb3 Na7 23. Ng5 Rf8 24. h4 Bc6 25. g4 h5 26. Nxf7 Rxf7 27. g5 Be8 28. g6 Qd8
29. gxf7+ Bxf7 30. Qd1 Nh7 31. Bf3 Bxh4 32. Bxh4 Qxh4 33. Rh2 Qg3+ 34. Kh1 Ng5
35. Bg2 Rb8 36. Qd2 b5 37. axb5 Rxb5 38. Rf1 Nc8 39. Qf2 Qxf2 40. Rxf2 Nb6 41.
Bf3 h4 42. Bd1 h3 43. Bg4 c4 44. Nxc4 Nxc4 45. dxc4 Bxc4 1/2-1/2

[Event "Weiße Dame Borbeck 1 - Oberhausener SV "]
[Site "Regionalliga 2017/2018"]
[Date "2017.10.22"]
[Round "2.1"]
[White "Nissen, Claus"]
[Black "Loyen, Egbert"]
[Result "1-0"]
[WhiteElo "2120"]
[BlackElo "2176"]
[PlyCount "127"]
[EventDate "2017.??.??"]

1. e4 d6 2. d4 Nf6 3. Nc3 g6 4. h3 Bg7 5. Nf3 a6 6. a4 b6 7. Bc4 O-O 8. O-O Bb7
9. Re1 e6 10. Bg5 h6 11. Bh4 g5 12. Bg3 Nxe4 13. Nxe4 d5 14. Nexg5 dxc4 15. Ne4
Nc6 16. Bh4 f6 17. Ng3 Qd5 18. c3 Rae8 19. Nf1 b5 20. Ne3 Qh5 21. Bg3 Rf7 22.
axb5 axb5 23. d5 Ne5 24. Nxe5 Qxd1 25. Raxd1 fxe5 26. dxe6 Rxe6 27. Ng4 e4 28.
Rd8+ Kh7 29. Red1 b4 30. Rb8 c5 31. Ne3 bxc3 32. bxc3 Bxc3 33. Nxc4 Ba6 34. Rd5
Bd4 35. Ne5 Rg7 36. Nd7 Rf7 37. Nf8+ Rxf8 38. Rxf8 Bc4 39. Rd6 Rxd6 40. Bxd6
Bd3 41. Rc8 c4 42. Bc5 Bb2 43. Be3 Be5 44. Rc5 Bf6 45. Rc6 Bg7 46. Bd2 h5 47.
g3 Kg8 48. Kg2 Kh7 49. Rc5 Be2 50. Bf4 Kg6 51. g4 hxg4 52. hxg4 Bd4 53. Rc6+
Kf7 54. Kg3 c3 55. Be3 Be5+ 56. Kh4 Bf3 57. Kg5 Ke7 58. Kf5 Kd7 59. Rh6 Bd6 60.
g5 c2 61. g6 Bc5 62. Bc1 Ke7 63. Bg5+ Ke8 64. Rh8+ 1-0